Statistics for Fictional Birds

Click here to take the quiz!

General Stats

  • This quiz has been taken 5,471 times
  • The average score is 12 of 18

Answer Stats

ClueBird% Correct
"Sesame Street" birdBig Bird
95%
Wile E. Coyote tries to catch himThe Roadrunner
93%
Mythical bird that rises from
its own ashes
Phoenix
92%
He tawt he saw a puddy tatTweety
87%
Uncle of Huey, Dewey and LouieDonald Duck
86%
Pirate's bird that wants a crackerPolly
83%
Subject of a poem by PoeNevermore /
The Raven
82%
Said the sky was fallingChicken Little
73%
Cartoon bird
with a distinctive laugh
Woody Woodpecker
70%
Richest duck in DuckburgScrooge McDuck
68%
Snoopy's friendWoodstock
63%
Harry Potter's owlHedwig
62%
He thinks everyone is "despicable"Daffy Duck
58%
Froot Loops mascotToucan Sam
57%
I say, I say, he's a huge
"Looney Tunes" rooster
Foghorn Leghorn
54%
Parrot from "Aladdin"Iago
42%
Mischevous claymation penguinPingu
31%
Penguin friend of Hello KittyTuxedo Sam
8%

Score Distribution

Percentile by Number Answered

Percent of People with Each Score

Your Score History

You have not taken this quiz